Statistics for Classic Novels by Plot #2

Click here to take the quiz!

General Stats

  • This quiz has been taken 1,447 times
    (1,231 since last reset)
  • The average score is 12 of 17

Answer Stats

Hint Answer % Correct
Vampiric count moves from Transylvania to England.Dracula
93%
Big Brother is watching as man tries to defy the Thought Police.Nineteen Eighty-Four
92%
Gang of thieves tries to corrupt an orphan in 19th century London.Oliver Twist
89%
Spider writes messages in her web to save a pig from slaughter.Charlotte's Web
86%
Burglar joins band of dwarves to reclaim their home from a dragon,
and finds a magic ring along the way.
The Hobbit
85%
Long Island millionaire, who is possibly a gangster, throws elaborate parties to
impress a married woman he loves from afar.
The Great Gatsby
84%
Traveler keeps ending up in strange lands inhabited by tiny people,
giants, and immortal beings.
Gulliver's Travels
84%
Spanish nobleman decides he's a knight, gets a squire, and attacks a windmill.Don Quixote
82%
Eventually, over 1000 pages, the Napoleonic Army is turned back from Russia.War and Peace
82%
A man never ages, but his portrait does.The Picture of
Dorian Gray
79%
Missouri boy helps a runaway slave try to reach freedom.The Adventures of
Huckleberry Finn
76%
Two migrant workers, one of whom is mentally disabled and extremely strong,
dream of a better life but don't find it.
Of Mice and Men
62%
Frenchman is falsely imprisoned, escapes, discovers a fortune, and takes
revenge on those who framed him.
The Count of Monte
Cristo
57%
Man becomes unstuck in time, survives WW2 firebombing of Dresden, is captured
by aliens and held in a zoo, and becomes an optometrist.
Slaughterhouse-Five
36%
Frenchwoman indulges her love for luxury and extramarital affairs,
ultimately ruining both herself and her dull husband.
Madame Bovary
30%
Union army deserter runs away, gets injured, and returns to his regiment to fight again.The Red Badge of
Courage
25%
Young woman gains summer internship in New York, but becomes mentally
unstable and attempts suicide.
The Bell Jar
22%

Score Distribution

Percentile by Number Answered

Percent of People with Each Score

Your Score History

You have not taken this quiz since the last reset